00977cam a22002773u 450000100090000000300080000900500170001700600190003400700150005300800410006803500260010904000330013508200150016810000170018321000430020024500570024326400690030030000250036933600260039433700260042033800360044650000330048250600430051577300290055885601120058711008267BD-DhUL20170102143529.0m d cr n 141104s1999 ||||||||s|||||||| ||||| d a(WaSeSS)ssib018187314 aWaSeSScBD-DhULdWaSeSSerda a809.1bKEL1 aKeble, John.10aKeble's Lectures on Poetry 1832-1841 /10aKeble's Lectures on Poetry 1832-1841 /cKeble, John. 1a[Place of publication not identified] :bClarendon Press,c1999. a434p.:bill.,c21cm. atextbtxt2rdacontent acomputerbc2rdamedia aonline resourcebcr2rdacarrier aTitle from content provider. aLicense restrictions may limit access. 0tLiterature Online (LION)40uhttp://www.columbia.edu/cgi-bin/cul/resolve?clio11008267zFull text available from Literature Online (LION)